| 000 | 00970nam a2200289 i 4500 | ||
|---|---|---|---|
| 001 | 10500 | ||
| 003 | ES-MaACL | ||
| 005 | 20250913063051.0 | ||
| 007 | t| | ||
| 008 | 950728s1995 sp ||||1| spa d | ||
| 017 |
_aB 8479-1995 _bOficina Depósito Legal Barcelona |
||
| 020 | _a8408014056 | ||
| 040 | _cES-MaACL | ||
| 080 | _a32(038) | ||
| 100 | 1 |
_aHaro Tecglen, Eduardo, _d1924-2005 _961879 _eaut |
|
| 245 | 1 | 0 |
_aDiccionario político / _cEduardo Haro Tecglen. |
| 250 | _aPrimera edición | ||
| 260 |
_aBarcelona : _bPlaneta, _c1995. |
||
| 300 |
_a422 páginas ; _c21 cm. |
||
| 490 | 1 | _aDiccionarios de autor | |
| 650 | 1 | 4 |
_aPolítica- _vDiccionarios _916269 |
| 830 | 1 |
_aDiccionarios de autor _9178733 |
|
| 852 |
_aES-MaACL _jL-17906 _bR.123880 _910787 _cDEPO2 _xEncuadernación cartoné en tela _g¿Dedicatoria de Eduardo Haro Tecglen? |
||
| 942 |
_cMONOGRAFIA _n0 |
||
| 999 |
_c10500 _d10500 |
||